Dvormajster

Bibliographic Details
Main Author: JMP-PK (Author)
Other Authors: Šida, Alexander (gup)
Format: Article
Language:Slovak
Subjects:

MARC

LEADER 00000nab a2200000 a 4500
001 vtls000273904
003 SK-MaSNL
005 20260302213824.0
008 111130c1987 xo 0 slo
015 |a SNBRB19rr/mm-uuuuu 
035 |a CL0284018 
040 |a SNKBUCL  |b slo  |c SNKBUCL  |e AACR2 
041 0 |a slo 
044 |a xo  |c SK 
080 |a 885.4-3  |2 1981 
100 1 |a JMP-PK  |4 aut  |9 936207 
245 1 0 |a Dvormajster  |c JMP-PK ; Alexander Šida 
500 |a V rubrike Povesti. 
650 0 7 |a povesti historické  |2 snkbucl  |9 610836 
655 7 |a články z novín a časopisov  |2 snkbucl  |9 267496 
655 7 |a články z odboru literárna veda a krásna literatúra  |2 snkbucl  |9 770045 
700 1 |a Šida, Alexander  |4 gup  |9 936203 
773 0 |t Smer  |g Roč. 39, č. 60 (13. 3. 1987), s. /11/ 
850 |a Slovenská národná knižnica v Martine  |a MTA001 
852 |a SNK  |b KIS3GCP 
958 |a RK 
958 |a LX 
992 |a RBX 
999 |c 1495121  |d 1497051